000 00686nam a2200217Ia 4500
001 14964
003 GE_BSU
008 181216s||||||||xx |||||||||||||| ||und||
040 _cGE_BSU
080 _a514.742
100 _aБорисенко,А.И. Тарапов,И.Е.
245 _aВекторный анализ и начала тензорного исчисления
245 _cРед.Д.А.Тальский
250 _a3-е изд.
260 _aМосква
260 _bВысшая школа
260 _c1963
300 _a261стр.22см.
653 _aВекторный анализ и начала тензорного исчисления
942 _cBK
999 _c48084
_d48084